<?xml version="1.0" encoding="UTF-8"?><?xml-stylesheet type="text/xsl" href="static/style.xsl"?><OAI-PMH xmlns="http://www.openarchives.org/OAI/2.0/" xmlns:xsi="http://www.w3.org/2001/XMLSchema-instance" xsi:schemaLocation="http://www.openarchives.org/OAI/2.0/ http://www.openarchives.org/OAI/2.0/OAI-PMH.xsd"><responseDate>2026-06-29T08:07:24Z</responseDate><request verb="GetRecord" identifier="oai:docta.ucm.es:20.500.14352/115640" metadataPrefix="marc">https://docta.ucm.es/rest/oai/request</request><GetRecord><record><header><identifier>oai:docta.ucm.es:20.500.14352/115640</identifier><datestamp>2025-03-18T13:08:17Z</datestamp><setSpec>com_20.500.14352_14</setSpec><setSpec>col_20.500.14352_15</setSpec></header><metadata><record xmlns="http://www.loc.gov/MARC21/slim" xmlns:dcterms="http://purl.org/dc/terms/" xmlns:xsi="http://www.w3.org/2001/XMLSchema-instance" xmlns:doc="http://www.lyncode.com/xoai" xsi:schemaLocation="http://www.loc.gov/MARC21/slim http://www.loc.gov/standards/marcxml/schema/MARC21slim.xsd">
   <leader>00925njm 22002777a 4500</leader>
   <datafield ind2=" " ind1=" " tag="042">
      <subfield code="a">dc</subfield>
   </datafield>
   <datafield ind2=" " ind1=" " tag="720">
      <subfield code="a">Merino Martín, José Joaquín</subfield>
      <subfield code="e">author</subfield>
   </datafield>
   <datafield ind2=" " ind1=" " tag="720">
      <subfield code="a">Macho González, Adrián</subfield>
      <subfield code="e">author</subfield>
   </datafield>
   <datafield ind2=" " ind1=" " tag="720">
      <subfield code="a">Benedí González, Juana María</subfield>
      <subfield code="e">author</subfield>
   </datafield>
   <datafield ind2=" " ind1=" " tag="720">
      <subfield code="a">González Gómez, María Paloma</subfield>
      <subfield code="e">author</subfield>
   </datafield>
   <datafield ind2=" " ind1=" " tag="260">
      <subfield code="c">2021</subfield>
   </datafield>
   <datafield ind2=" " ind1=" " tag="520">
      <subfield code="a">Abstract
Coronavirus is a family of ARN positive single-stranded belonging to the family of Coronaviridae. There are several families of coronavirus that transmit more or less serious diseases. However, the so-called coronavirus-19 (SARS-CoV2) is the one that is currently causing most of the problems; in fact, biological dysfunctions that this virus causes provoke damage in various organs, from the lung to the heart, the kidney, the circulatory system, and even the brain. The neurological manifestations caused by viral infection, as well as the hypercoagulopathy and systemic inflammation, have been reported in several studies. In this review, we update the neurological mechanisms by which coronavirus-19 causes neurological manifestation in patients such as encephalomyelitis, Guillain-Barré syndrome, lacunars infarcts, neuropsychiatry disorders such as anxiety and depression, and vascular alterations. This review explains (a) the possible pathways by which coronavirus-19 can induce the different neurological manifestations, (b) the strategies used by the virus to cross the barrier system, (c) how the immune system responds to the infection, and (d) the treatment than can be administered to the COVID-19 patients.</subfield>
   </datafield>
   <datafield ind1="8" ind2=" " tag="024">
      <subfield code="a">Merino JJ, Macho-González A, Benedi J, González MP. Neurological manifestations of COVID-19 in patients: from path physiology to therapy. Neurol Sci. 2021 Dec;42(12):4867-4879. doi: 10.1007/s10072-021-05505-7. Epub 2021 Aug 21. PMID: 34417704; PMCID: PMC8379040.</subfield>
   </datafield>
   <datafield ind1="8" ind2=" " tag="024">
      <subfield code="a">1590-1874</subfield>
   </datafield>
   <datafield ind1="8" ind2=" " tag="024">
      <subfield code="a">10.1007/s10072-021-05505-7</subfield>
   </datafield>
   <datafield ind1="8" ind2=" " tag="024">
      <subfield code="a">https://hdl.handle.net/20.500.14352/115640</subfield>
   </datafield>
   <datafield ind1="8" ind2=" " tag="024">
      <subfield code="a">https://doi.org/10.1007/s10072-021-05505-7</subfield>
   </datafield>
   <datafield ind1="8" ind2=" " tag="024">
      <subfield code="a">https://pmc.ncbi.nlm.nih.gov/articles/PMC8379040/</subfield>
   </datafield>
   <datafield ind2="0" ind1="0" tag="245">
      <subfield code="a">Neurological manifestations of COVID-19 in patients: from path physiology to therapy</subfield>
   </datafield>
</record></metadata></record></GetRecord></OAI-PMH>